00286nam a22000977a 4500008004100000082002100041245005900062260005000121300000800171440000900179230620b xxu||||| |||| 00| 0 eng d a323.bEAHRI 2003 aThe East African Journal of Human Rights and Democracy bThe East African Human Rights Institutec2003 a14p n2v1